Análisis de la encuesta Flacso 1996 /
Salvato in:
| Autore principale: | |
|---|---|
| Altri autori: | |
| Natura: | testo |
| Soggetti: | |
| Tags: |
Aggiungi Tag
Nessun Tag, puoi essere il primo ad aggiungerne!!
|
MARC
| LEADER | 00000 a a2200000 04500 | ||
|---|---|---|---|
| 001 | 45149 | ||
| 003 | |||
| 040 | |||
| 090 | |a 03.02.05 C568p | ||
| 100 | |a Cid, José Rafael del | ||
| 245 | |a Análisis de la encuesta Flacso 1996 / |c José Rafael del Cid; Dirk Kruijt | ||
| 650 | |a POBREZA | ||
| 650 | |a RESULTADOS DE INVESTIGACION | ||
| 650 | |a INGRESO | ||
| 650 | |a DISTRIBUCION DEL INGRESO | ||
| 650 | |a VIVIENDA | ||
| 650 | |a NECESIDADES BASICAS | ||
| 650 | |a TRABAJO | ||
| 650 | |a RELIGION | ||
| 650 | |a PARTICIPACION POLITICA | ||
| 700 | |a Kruijt, Dirk | ||
| 773 | |g páginas 79-141 | ||
| 999 | |c 33851 |d 33851 | ||
